[Event "Challenge"]
[Site "http://www.queenalice.com/game.php?id=347442"]
[Date "2008.2.2"]
[Round "-"]
[White "weber"]
[Black "Xavier"]
[Result "0-1"]
[WhiteElo "1649"]
[BlackElo "1772"]

1. e4 c5 2. d3 Nc6 3. Be3 Nf6 4. Nc3 e5 5. Nf3 Ng4 6. Qe2 Nxe3 7. Qxe3 Nd4 8.
Rc1 d6 9. Ne2 Nxc2+ 10. Kd1 Nxe3+ 11. fxe3 Bg4 12. h3 Bxf3 13. gxf3 Qb6 14. b3
Qa6 15. Nc3 Be7 16. Nd5 Rc8 17. Rc4 Qxa2 18. Rc1 Qxb3+ 19. Ke1 Bh4+ 20. Ke2 O-O
21. Rg1 Qb2+ 22. Kd1 Qf2 23. Rh1 Qxf3+ 0-1

[Event "Challenge"]
[Site "http://www.queenalice.com/game.php?id=347443"]
[Date "2008.2.2"]
[Round "-"]
[White "weber"]
[Black "Xavier"]
[Result "0-1"]
[WhiteElo "1638"]
[BlackElo "1783"]

1. e4 c5 2. Nh3 Nc6 3. Qf3 Nd4 4. Qd1 d5 5. c3 Bg4 6. Qxg4 Nc2+ 7. Kd1 Nxa1 8.
Bb5+ Qd7 9. Bxd7+ Kd8 10. Ng5 Nf6 11. Nxf7+ Kc7 12. Qf4+ Kb6 13. Nxh8 Nxd7 14.
Nf7 dxe4 15. Na3 Nf6 16. c4 h6 17. Nb5 Rc8 18. Ne5 g5 19. Qf5 Rd8 20. Qe6+ Ka5
21. d3 Ka4 22. b3+ Nxb3 0-1

[Event "AUTO-ADV-790"]
[Site "http://www.queenalice.com/game.php?id=347491"]
[Date "2008.2.2"]
[Round "1"]
[White "Gera"]
[Black "weber"]
[Result "1-0"]
[WhiteElo "1807"]
[BlackElo "1651"]

1. b3 e6 2. Bb2 Na6 3. Nf3 d6 4. d4 Nb4 5. e4 d5 6. exd5 Qxd5 7. c3 Qe4+ 8. Be2
Nc2+ 9. Kf1 Nxa1 10. Bd3 Qd5 11. Nbd2 Nxb3 12. axb3 Nf6 13. c4 Qa5 14. g3 Bb4
15. Kg2 Qb6 16. Re1 h6 17. Kg1 O-O 18. c5 Qc6 19. Ne5 Qe8 20. Re2 Nd5 21. Qc2 f6
22. Ng6 Rf7 23. Nh4 b6 24. Bh7+ Kf8 25. Ng6# 1-0

[Event "AUTO-ADV-790"]
[Site "http://www.queenalice.com/game.php?id=347492"]
[Date "2008.2.2"]
[Round "1"]
[White "weber"]
[Black "Gera"]
[Result "0-1"]
[WhiteElo "1628"]
[BlackElo "1862"]

1. e3 e5 2. Nc3 d5 3. d4 exd4 4. Qxd4 Nf6 5. Qa4+ Bd7 6. Bb5 c6 7. Be2 Bd6 8.
Qd4 O-O 9. Bf3 Be6 10. Nge2 Nbd7 11. Nf4 c5 12. Qd1 Bxf4 13. exf4 d4 14. Ne4 Bc4
15. b3 Nxe4 16. Bxe4 Re8 17. f3 Ba6 18. c4 dxc3 19. Qc2 f5 20. Qxc3 fxe4 21.
fxe4 Nf6 22. e5 Ne4 23. Qc2 Bd3 24. Qb2 c4 0-1

[Event "AUTO-ADV-790"]
[Site "http://www.queenalice.com/game.php?id=347497"]
[Date "2008.2.2"]
[Round "1"]
[White "carlos31"]
[Black "weber"]
[Result "1-0"]
[WhiteElo "1761"]
[BlackElo "1258"]

1. e4 e5 2. Nf3 Nc6 3. Bb5 Qf6 4. Nc3 a6 5. Nd5 Qd8 6. Ba4 Nge7 7. O-O d6 8. d4
Bd7 9. dxe5 dxe5 10. Nxe7 Qxe7 11. Qd5 f6 12. Bxc6 Bxc6 13. Qd3 Bb5 14. c4 Bc6
15. Qc2 Qe6 16. Be3 b6 17. Rad1 Be7 18. Nh4 g6 19. f4 exf4 20. Bxf4 g5 21. Bxc7
Bxe4 22. Qe2 Qc6 23. Nf3 Qxc7 24. Qxe4 Rd8 25. Rd5 b5 26. cxb5 Qb6+ 27. Kh1 1-0

[Event "AUTO-ADV-790"]
[Site "http://www.queenalice.com/game.php?id=347498"]
[Date "2008.2.2"]
[Round "1"]
[White "weber"]
[Black "carlos31"]
[Result "0-1"]
[WhiteElo "1256"]
[BlackElo "1763"]

1. e4 c5 2. Na3 d6 3. Qf3 Nc6 4. Bc4 Nf6 5. d3 Nd4 6. Qd1 Bd7 7. Nf3 Bg4 8. c3
Nxf3+ 9. gxf3 Bd7 10. f4 e6 11. Be3 d5 12. e5 dxc4 13. exf6 Qxf6 14. Nxc4 Bc6
15. Rg1 Rd8 16. Ne5 Bb5 17. c4 Bd7 18. Qb3 b6 19. Qa3 a5 20. Qb3 Rb8 21. Ng4 Qe7
22. Ne5 f6 23. Nxd7 Qxd7 24. a3 Bd6 25. O-O-O a4 26. Qc3 e5 0-1

[Event "AUTO-INT-778"]
[Site "http://www.queenalice.com/game.php?id=347875"]
[Date "2008.2.3"]
[Round "1"]
[White "weber"]
[Black "zemaria"]
[Result "0-1"]
[WhiteElo "1254"]
[BlackElo "1673"]

1. e4 e5 2. Nf3 d6 3. Nc3 c6 4. d3 h6 5. Be2 Be7 6. O-O g5 7. Be3 f5 8. exf5
Bxf5 9. a3 Qc7 10. d4 e4 11. Ne1 Bg6 12. d5 c5 13. Bb5+ Kd8 14. f3 exf3 15. Qxf3
Nf6 16. Bd3 Bxd3 17. Rf2 Ba6 18. Ne4 Nxd5 0-1

[Event "AUTO-INT-778"]
[Site "http://www.queenalice.com/game.php?id=347876"]
[Date "2008.2.3"]
[Round "1"]
[White "zemaria"]
[Black "weber"]
[Result "1-0"]
[WhiteElo "1675"]
[BlackElo "1252"]

1. e4 e5 2. Nf3 Nc6 3. d4 exd4 4. Nxd4 Qf6 5. Nxc6 Qxc6 6. Nc3 d6 7. Bb5 Bd7 8.
Bxc6 Bxc6 9. Nd5 Bxd5 10. exd5 Nf6 11. O-O Be7 12. Re1 Ng8 13. Qd3 Nf6 14. Qb5+
Nd7 15. Qxb7 Rd8 16. Qxc7 a6 17. b3 O-O 18. Rxe7 g6 19. Bb2 Ne5 20. Bxe5 1-0